000 00425nam a2200157Ia 4500
999 _c9013
_d9013
020 _a9789382281443
082 _a954.04092 SHA-Y
100 _aSankhla, Manoj
245 0 _aYugpurush: Pandit Deendayal Upadhyaya
260 _aNew Delhi
_bRaj Publications
_c2017
300 _a135p
650 _aPolitical
_vBiography
650 _aDeendayal Upadhayay
_vBiography
_z1916-68
650 _aJanSangh
_vPolitical party
942 _cBK